Richardi Croci Britani Introductiones in rudimenta Græca

Bibliographic Details
Main Author: Croke, Richard, 1489?-1558
Format: eBook
Language:Latin
Published: Coloniæ : In ædibus Eucharij Ceruicorni, Anno a Christo nato M.D.XX. mense Maio [May, 1520]
Series:Early English books online.
Subjects:
Online Access:Connect to the full text of this electronic book

MARC

Tag First Indicator Second Indicator Subfields
LEADER 00000nam a2200000Ia 4500
001 in00004205193
005 20200806091947.0
006 m g d
007 cr bn |||a|bb|
008 950915s1520 enk o 00| | lat d
035 |a (OCoLC)33143323 
040 |a EBK  |c EBK  |d WaOLN 
037 |a CL0036000057  |b ProQuest. 789 E. Eisenhower Parkway, Ann Arbor, MI 48108-3218 
041 0 |a latgre 
090 |a PA253.C76  |b I57 
049 |a UMIA 
100 1 |a Croke, Richard,  |d 1489?-1558. 
245 1 0 |a Richardi Croci Britani Introductiones in rudimenta Græca 
246 3 3 |a Introductiones in rudimenta Græca 
246 3 3 |a Rudimenta Græca 
260 |a Coloniæ :  |b In ædibus Eucharij Ceruicorni,  |c Anno a Christo nato M.D.XX. mense Maio [May, 1520] 
300 |a 1 online resource ([56] pages) 
336 |a text  |b txt  |2 rdacontent 
337 |a computer  |b c  |2 rdamedia 
338 |a online resource  |b cr  |2 rdacarrier 
500 |a STC (2nd edition) gives place of publication: [Cambridge] 
500 |a Title printed on rules within illustrated border. Signature G⁴ contains printers devices recto and verso. 
500 |a Imprint from colophon, which reads: Coloniæ in ædibus Eucharij Ceruicorni, Anno a Christo nato. M.D.XX. mense Maaio, expensis prouidi uiri domini Ioannis Lair de Siborch. 
500 |a Signatures: A-G⁴' 
500 |a Reproduction of original in: John Rylands University Library of Manchester. 
510 4 |a STC (2nd edition)  |c 6044a.5 
533 |a Electronic reproduction.  |b Ann Arbor, Mich. :  |c UMI,  |d 1999-  |f (Early English books online)  |n Digital version of: (Early English books, 1475-1640 ; 1873:31)  |7 s1999 miun s 
650 0 |a Greek language  |x Grammar  |v Early works to 1800. 
830 0 |a Early English books online. 
856 4 0 |u http://proxy.library.tamu.edu/login?url=https://search.proquest.com/docview/2240919454  |z Connect to the full text of this electronic book  |t 0 
999 f f |s cffdf35a-e22c-3eba-81fe-64cfc11ff4a2  |i 2e0f7035-b195-3583-ba51-0a16a3bb93e6  |t 0 
952 f f |a Texas A&M University  |b College Station  |c Electronic Resources  |d Available Online  |t 0  |e PA253.C76 I57  |h Library of Congress classification 
998 f f |a PA253.C76 I57  |t 0  |l Available Online